Zu Helmedag: Profit-Raten mittels Profitraten. <Eine> (ratenweise) Abrechnung.
Polemika s F. Helmedagom, podľa ktorého v racionálne jednajúcich podnikoch je maximalizácia absolútnej výšky zisku nezávislá od hodnoty, ktorú prevádzkuje kapitál vo výrobe. Cena pre jednotlivý podnik pri plnej konkurencii a miesto percentuálneho pomeru zisku u Sraffu.
Uložené v:
| Hlavný autor: | |
|---|---|
| Médium: | Kapitola |
| Jazyk: | German |
| Predmet: | |
| Tagy: |
Žiadne tagy, Buďte prvý, kto otaguje tento záznam!
|
MARC
| LEADER | 00000naa a2200000 4500 | ||
|---|---|---|---|
| 001 | r001204 | ||
| 005 | 20220909073859.1 | ||
| 041 | 0 | |a ger | |
| 044 | |a [CS] | ||
| 245 | 1 | 0 | |a Zu Helmedag: Profit-Raten mittels Profitraten. |b <Eine> (ratenweise) Abrechnung. |c F.C. Englmann |
| 520 | |a Polemika s F. Helmedagom, podľa ktorého v racionálne jednajúcich podnikoch je maximalizácia absolútnej výšky zisku nezávislá od hodnoty, ktorú prevádzkuje kapitál vo výrobe. Cena pre jednotlivý podnik pri plnej konkurencii a miesto percentuálneho pomeru zisku u Sraffu. | ||
| 610 | 2 | 0 | |a Helmedag, F. |
| 610 | 2 | 0 | |a zisk |
| 610 | 2 | 0 | |a miera zisku |
| 610 | 2 | 0 | |a výroba |
| 610 | 2 | 0 | |a kapitál výrobný |
| 610 | 2 | 0 | |a podnik |
| 610 | 2 | 0 | |a konkurencia |
| 610 | 2 | 0 | |a ceny |
| 610 | 2 | 0 | |a zúčtovanie |
| 100 | 1 | |a Englmann, F.C. | |